British Birds by Picture - Thrushes - Statistics

General Stats
  • This quiz has been taken 11 times
  • The average score is 13 of 20
Answer Stats
Picture Hint Answer % Correct
Turdus merula (*) Common Blackbird
100%
Turdus migratorius (*) American Robin
86%
Turdus pilaris (*) Fieldfare
86%
Catharus guttatus Hermit Thrush
86%
Turdus viscivorus Mistle Thrush
86%
Turdus iliacus (*) Redwing
86%
Turdus torquatus (*) Ring Ouzel
86%
Turdus philomelos Song Thrush
86%
Turdus naumanni Naumann's Thrush
71%
Geokichla sibirica Siberian Thrush
71%
Turdus obscurus Eyebrowed Thrush
57%
Catharus ustulatus Swainson's Thrush
57%
Ixoreus naevius Varied Thrush
57%
Catharus fuscescens (*) Veery
57%
Zoothera aurea White's Thrush
57%
Turdus atrogularis Black-Throated Thrush
43%
Catharus minimus Grey-Cheeked Thrush
43%
Turdus ruficollis Red-Throated Thrush
43%
Hylocichla mustelina Wood Thrush
43%
Turdus eunomus Dusky Thrush
29%
No matching quizzes found
Score Distribution
Percent of People with Each Score
Percentile by Number Answered
Your Score History
You have not taken this quiz